000 01019nas a2200301 4500
001 BR9209315
003 BR-BrBNA
005 20231205093243.0
007 ta
008 230509b bl.|||p| |||| 00| 00por d
040 _aBR-BrBNA
_bpor
_cBiblioteca Nacional de Agricultura
041 _a(Pt)
072 _aL53
100 1 _aRigueira, S.E.
100 1 _aValle, C.M. de C.
100 1 _aVarejao, J.B.M.
100 1 _aAlbuquerque, P.V. de
100 1 _aNogueira, J.C.
245 1 _aAlgumas observacoes sobre o ciclo reprodutivo anual de femeas do gamba Didelphis albiventris (Lund, 1841)(Marsupialia, Didelphidae)em populacoes naturais no estado de Minas Gerais, Brasil
650 _aGAMBA
650 _aREPRODUCAO ANIMAL
650 _aTAXONOMIA ANIMAL
650 _aDISTRIBUICAO GEOGRAFICA
650 _aMINAS GERAIS
773 0 _tRevista Brasileira de Zoologia (Brazil)
_xISSN 0101-8175
_g(Aug 1987), v. 4(2) p. 129-137
_wBR9209315
909 _a202311
_bLúcia
_c55
_dLúcia Elande
942 _2AGRIS
_n0
_cANA
999 _c137107
_d137107